La Cultura indígena frente al proyecto hidroeléctrico de Boruca: testimonio /
Պահպանված է:
| Հիմնական հեղինակ: | |
|---|---|
| Ձևաչափ: | Տեքստ |
| Խորագրեր: | |
| Ցուցիչներ: |
Ավելացրեք ցուցիչ
Չկան պիտակներ, Եղեք առաջինը, ով նշում է այս գրառումը!
|
MARC
| LEADER | 00000 a a2200000 04500 | ||
|---|---|---|---|
| 001 | 14515 | ||
| 003 | |||
| 040 | |||
| 100 | |a Coto Martén, Fernando | ||
| 245 | |a La Cultura indígena frente al proyecto hidroeléctrico de Boruca: testimonio / |c Fernando Coto Martén | ||
| 650 | |a POBLACION INDIGENA | ||
| 650 | |a INFRAESTRUCTURA | ||
| 650 | |a TELECOMUNICACIONES | ||
| 650 | |a CONSECUENCIAS SOCIALES | ||
| 650 | |a COSTA RICA | ||
| 773 | |g número 108 (II); páginas 91-106 | ||
| 999 | |c 27408 |d 27408 | ||
| 773 | 0 | |0 18728 |9 3032 |a Universidad de Costa Rica |d San José, Costa Rica Editorial UCR 1956- |o 02389 |t Revista de Ciencias Sociales/ |x 04825276 | |
